000 00260nam a22001217a 4500
008 170412b xxu||||| |||| 00| 0 eng d
041 _aeng
080 _a618
100 _a10
101 _aSHM
245 _aFOUNDATIONS EMROLOGY
_cPATTEN.B
942 _2udc
_cBK
999 _c10587
_d10587